<?xml version="1.0" encoding="UTF-8"?>
<collection xmlns="http://www.loc.gov/MARC21/slim">
    <record>
        <controlfield tag="001">31917</controlfield>
        <controlfield tag="005">20160204081702.0</controlfield>
        <datafield tag="037" ind1=" " ind2=" ">
            <subfield code="a">TAZ-TFG-2015-2138</subfield>
        </datafield>
        <datafield tag="041" ind1=" " ind2=" ">
            <subfield code="a">spa</subfield>
        </datafield>
        <datafield tag="100" ind1="1" ind2=" ">
            <subfield code="a">Puértolas Abad, Víctor</subfield>
        </datafield>
        <datafield tag="245" ind1="0" ind2="0">
            <subfield code="a">La mejora del medio ambiente urbano. Infraestructuras verdes y Sistemas Urbanos de Drenaje Sostenible en Zaragoza</subfield>
        </datafield>
        <datafield tag="260" ind1=" " ind2=" ">
            <subfield code="a">Zaragoza</subfield>
            <subfield code="b">Universidad de Zaragoza</subfield>
            <subfield code="c">2015</subfield>
        </datafield>
        <datafield tag="506" ind1=" " ind2=" ">
            <subfield code="a">by-nc-sa</subfield>
            <subfield code="b">Creative Commons</subfield>
            <subfield code="c">3.0</subfield>
            <subfield code="u">http://creativecommons.org/licenses/by-nc-sa/3.0/</subfield>
        </datafield>
        <datafield tag="520" ind1=" " ind2=" ">
            <subfield code="a">Este trabajo estudia los Sistemas Urbanos de Drenaje Sostenible –SUDS– en la ciudad de Zaragoza. El tema es oportuno debido al interés internacional por la mejora de la gestión de las aguas pluviales y, en definitiva, por  la sostenibilidad urbana. El trabajo comienza con modelo conceptual del avance urbano en el camino de la sostenibilidad, la exposición de las políticas europeas de mejora ambiental urbana y los programas de financiación disponibles. Después se presentan sucintamente las características de dos proyectos llevados a cabo en Zaragoza a cargo del programa europeo Life en relación con las infraestructuras verdes y se analizan diversos ejemplos de sistemas urbanos de drenaje sostenible. Los ejemplos seleccionados corresponden al tipo estructural y son los siguientes: cubiertas vegetales, jardines verticales, depósitos de lluvia, depósitos y estanques de infiltración, humedales artificiales y pavimentos permeables. De cada uno de los ejemplos se aporta una ficha informativa y todos se reúnen en un mapa de síntesis. En la conclusión se aboga por la continuación de estas iniciativas y también por una adecuada gestión para evitar su deterioro.</subfield>
        </datafield>
        <datafield tag="521" ind1=" " ind2=" ">
            <subfield code="a">Graduado en Geografía y Ordenación del Territorio</subfield>
        </datafield>
        <datafield tag="540" ind1=" " ind2=" ">
            <subfield code="a">Derechos regulados por licencia Creative Commons</subfield>
        </datafield>
        <datafield tag="700" ind1=" " ind2=" ">
            <subfield code="a">Escalona Orcao, Ana Isabel</subfield>
            <subfield code="e">dir.</subfield>
        </datafield>
        <datafield tag="710" ind1="2" ind2=" ">
            <subfield code="a">Universidad de Zaragoza</subfield>
            <subfield code="b"> </subfield>
            <subfield code="c"></subfield>
        </datafield>
        <datafield tag="856" ind1="0" ind2=" ">
            <subfield code="f">652264@celes.unizar.es</subfield>
        </datafield>
        <datafield tag="856" ind1="4" ind2=" ">
            <subfield code="s">3154974</subfield>
            <subfield code="u">http://zaguan.unizar.es/record/31917/files/TAZ-TFG-2015-2138.pdf</subfield>
            <subfield code="y">Memoria (spa)</subfield>
        </datafield>
        <datafield tag="909" ind1="C" ind2="O">
            <subfield code="o">oai:zaguan.unizar.es:31917</subfield>
            <subfield code="p">driver</subfield>
            <subfield code="p">trabajos-fin-grado</subfield>
        </datafield>
        <datafield tag="950" ind1=" " ind2=" ">
            <subfield code="a"></subfield>
        </datafield>
        <datafield tag="951" ind1=" " ind2=" ">
            <subfield code="a">deposita:2015-10-08</subfield>
        </datafield>
        <datafield tag="980" ind1=" " ind2=" ">
            <subfield code="a">TAZ</subfield>
            <subfield code="b">TFG</subfield>
            <subfield code="c">FFYL</subfield>
        </datafield>
    </record>

    
</collection>